000 00633nam a2200241Ia 4500
003 OSt
005 20220924144555.0
006 a|||||r|||| 00| 0
007 ta
008 220923b |||||||| |||| 00| 0 urd d
024 _a315931
037 _cTextual
040 _aARTS
_cARTS
_burd
041 _2urd
_aurd
082 _aO168,1NRIx, M9
100 _aRikkhi Shahzad
_9217939
245 0 _aUnnees lilha nazmein
260 _c1965
650 _aURDU POETRY
700 _a Khaleel Mamu Tr.
_9217940
942 _hO168,1NRIx, M9
_cTEXL
_2CC
999 _c457523
_d457523